000 02156njm a2200409Ia 4500
001 F0239
003 IT-RoPAU
005 20220918181131.0
008 131025s9999 xx 000 0 und d
040 _aIT-RoPAU
040 _cIT-RoPAU
999 _c100575
_d100575
999 _bn.d.
100 _aHolland Dave
_932102
100 _eAutore musica
_932103
100 _gCodice autore musica SPICS: 42321
_932104
245 _aConferences
250 _a1a ed.
260 _aMILANO
260 _bRUSCONI
_c1998 [1a Ed.:]
300 _aCOMPACT DISC
300 _c70 minuti (Testo: pag.)
500 _aMusica jazz. Cd allegato al n. 2 '98 della rivista "Musica jazz".
505 _aHomecoming [(Ludwigsburg 1984) (7:00)] - Inception [(Ludwigsburg 1982) (5:00)] - How's Never [(New York 1994) (8:00)] - Claressence [(New York 1995) (8:00)] - Processional [(New York 1989) (8:00)] - You I Love [(Ludwigsburg 1983) (8:00)] - The Balance [(New York 1997) (7:00)] - Under Redwoods [(Oslo 1977) (7:00)] - The Razor's Edge [(Ludwigsburg 1987) (8:00)] - Conference of the Birds [(New York 1972) (5:00)]
511 _aWheeler Kenny: tr; Priester Julian: trne; Coleman Steve: alto; Holland Dave: cb
511 _aHolland Dave: cello
511 _aAbercrombie John: chit; Holland Dave: cb; Dejohnette Jack: batt
511 _aPerson Eric: alto; Nelson Steve: vib; Holland Dave: cb; Jackson Gene: batt
511 _aColeman Steve: alto; Eubanks Kevin: chit; Holland Dave: cb; Smith Marvin Smitty: batt
511 _aWheeler Kenny: flic; Priester Julian: trne; Coleman Steve: alto; Holland Dave: cb; Ellington Steve: batt
511 _aEubanks Robin: trne; Wilson Steve: sop; Nelson Steve: vib; Holland Dave: cb; Kilson Billy: batt
511 _aHolland Dave: cb
511 _aWheeler Kenny: flic; Eubanks Robin: trne; Coleman Steve: alto; Holland Dave: cb; Smith Marvin Smitty: batt
511 _aRivers Sam: fl; Braxton Anthony: sax, sopranino; Holland Dave: cb; Altschul Barry: perc, marimba
650 _aJAZZ [COMPACT DISC]
_eCodice MATERIA SPICS: 9949
_911822
700 _aHolland Dave
_gCodice interprete SPICS: 42321
_eInterprete
_932105
942 _cCD
_2ddc